00381nam a2200145Ia 4500008004100000020001500041041000800056082001600064100001900080245004400099250000600143260004400149300001400193650002800207210716s2001 xx 000 0 und d a9812400796 aeng a005.73 DROA aDrozdek, Adam. aData structures and algorithms in java. a1 aNew DelhibVikas Publishing Housec2001 axviii,622 aData Structures(005.73)